000 00790nam a22002657a 4500
003 CHAP
005 20220329140519.0
008 971013s1962 r 00010 d
010 _a53151
011 _a54123
035 _a58273
040 _cCHAP
082 _a576.6
_bW3Y
100 0 0 _aWaterson, A. P.
_9121173
245 _aIntroducción a la virología animal
260 _aZaragoza :
_bAcribia,
_c1962
300 _a132 p.
_b: ilus. ; láms.
590 _aBATCH-UPD
_b10
_c20130110
_lUCH01
_h0506
590 _aCONVERSION
_b10
_c20130109
_lUCH01
_h1329
650 1 4 _aVirus.
_9119936
901 _aBK
942 _cLIBRO
949 _a576.6 W3Y
_bBC
_cLIBRO
_d-126557
_eLIBRO
_fc.3
_h39148
_i58273
_si
_t200.00
949 _a576.6 W3Y
_bBC
_cLIBRO
_d-126560
_eLIBRO
_fc.5
_h29977
_i58273
_si
_t200.00
999 _c53151
_d53151